[Event "EIWCC 2017"]
[Site "Riga"]
[Date "2017.04.17"]
[Round "7"]
[White "Mamedjarova, Zeinab"]
[Black "Hoolt, Sarah"]
[Result "1/2-1/2"]
[WhiteElo "2322"]
[BlackElo "2398"]
[Annotator "ChessBase"]
[PlyCount "198"]
[EventDate "2017.??.??"]
[EventType "swiss"]
[EventCountry "LAT"]
[SourceTitle "playchess.com"]
[Source "ChessBase"]
[SourceQuality "1"]
[TimeControl "40/5400+30:1800+30"]

1. d4 {[%emt 0:00:00]} Nf6 {[%emt 0:00:07]} 2. Nf3 {[%emt 0:00:00]} e6 {[%emt 0:00:13]} 3. e3 {[%emt 0:00:02]} b6 {[%emt 0:00:22]} 4. Bd3 {[%emt 0:01:51]} Bb7 {[%emt 0:00:07]} 5. Nbd2 {[%emt 0:00:44]} c5 {[%emt 0:00:09]} 6. O-O {[%emt 0:00:29]} Nc6 {[%emt 0:00:49]} 7. Re1 {[%emt 0:06:30]} Be7 {[%emt 0:01:26]} 8. b3 {[%emt 0:10:02]} cxd4 {[%emt 0:06:46]} 9. exd4 {[%emt 0:00:23]} Nb4 {[%emt 0:02:04]} 10. Bf1 {[%emt 0:01:32]} Nfd5 {[%emt 0:04:23]} 11. Bb2 {[%emt 0:00:26]} Rc8 {[%emt 0:01:10]} 12. c4 {[%emt 0:02:34]} Nf4 {[%emt 0:01:42]} 13. Ne4 {[%emt 0:09:22]} d5 {[%emt 0:02:36]} 14. Ng3 {[%emt 0:00:22]} O-O {[%emt 0:07:12]} 15. Qd2 {[%emt 0:12:16]} Qc7 {[%emt 0:14:58]} 16. c5 {[%emt 0:06:43]} Nc6 {[%emt 0:13:53]} 17. b4 {[%emt 0:03:06]} Rce8 {[%emt 0:03:08]} 18. a4 {[%emt 0:04:55]} f6 {[%emt 0:07:05]} 19. Bc3 {[%emt 0:07:44]} Bd8 {[%emt 0:06:17]} 20. b5 {[%emt 0:02:42]} Na5 {[%emt 0:01:05]} 21. c6 {[%emt 0:02:32]} Bc8 {[%emt 0:01:28]} 22. Qc2 {[%emt 0:01:16]} Be7 {[%emt 0:01:05]} 23. Nd2 {[%emt 0:03:59]} Bd6 {[%emt 0:02:02]} 24. Kh1 {[%emt 0:01:02]} Qf7 {[%emt 0:06:05]} 25. Nb3 {[%emt 0:07:09]} Nc4 {[%emt 0:02:20]} 26. a5 {[%emt 0:00:31]} h5 {[%emt 0:01:12]} 27. axb6 {[%emt 0:00:17]} axb6 {[%emt 0:00:11]} 28. Ne2 {[%emt 0:03:09]} Ng6 {[%emt 0:00:05]} 29. Nd2 {[%emt 0:03:12]} Nxd2 {[%emt 0:02:56]} 30. Qxd2 {[%emt 0:00:02]} e5 {[%emt 0:00:51]} 31. Bb4 {[%emt 0:00:58]} Qe7 {[%emt 0:00:23]} 32. Bxd6 {[%emt 0:00:19]} Qxd6 {[%emt 0:00:02]} 33. Nc3 {[%emt 0:03:03]} e4 {[%emt 0:00:02]} 34. Qa2 {[%emt 0:00:36]} Be6 {[%emt 0:00:29]} 35. Qd2 {[%emt 0:04:33]} h4 {[%emt 0:01:58]} 36. Ra6 {[%emt 0:00:12]} Rb8 {[%emt 0:01:39]} 37. Rc1 {[%emt 0:00:43]} h3 {[%emt 0:04:18]} 38. g3 {[%emt 0:00:27]} f5 {[%emt 0:00:53]} 39. Qg5 {[%emt 0:02:12]} Rf6 {[%emt 0:00:40]} 40. Bxh3 {[%emt 0:00:00]} Ne7 {[%emt 0:03:15]} 41. Qf4 {[%emt 0:13:22]} Qxf4 {[%emt 0:00:06]} 42. gxf4 {[%emt 0:00:04]} Nc8 {[%emt 0:03:30]} 43. Na4 {[%emt 0:06:01]} Kf7 {[%emt 0:01:26]} 44. Bf1 {[%emt 0:08:11]} Ke7 {[%emt 0:00:18]} 45. Be2 {[%emt 0:00:26]} Bf7 {[%emt 0:01:04]} 46. Bd1 {[%emt 0:01:52]} Rh6 {[%emt 0:05:29]} 47. Rc3 {[%emt 0:01:56]} Kd6 {[%emt 0:03:23]} 48. Bb3 {[%emt 0:02:42]} Be8 {[%emt 0:00:40]} 49. Rg3 {[%emt 0:00:24]} g6 {[%emt 0:00:13]} 50. Nc3 {[%emt 0:00:46]} Bf7 {[%emt 0:00:14]} 51. Ra1 {[%emt 0:00:10]} Be6 {[%emt 0:02:40]} 52. f3 {[%emt 0:00:43]} Ne7 {[%emt 0:01:26]} 53. Ra7 {[%emt 0:00:05]} Rbh8 {[%emt 0:00:12]} 54. Ra2 {[%emt 0:00:43]} Rh3 {[%emt 0:00:38]} 55. Rxh3 {[%emt 0:00:39]} Rxh3 {[%emt 0:00:05]} 56. Bd1 {[%emt 0:00:27]} exf3 {[%emt 0:00:18]} 57. Rf2 {[%emt 0:00:24]} Rh8 {[%emt 0:00:49]} 58. Bxf3 {[%emt 0:00:15]} Ra8 {[%emt 0:00:10]} 59. Re2 {[%emt 0:01:09]} Ra3 {[%emt 0:00:21]} 60. Rc2 {[%emt 0:00:46]} Rb3 {[%emt 0:00:31]} 61. Kg2 {[%emt 0:00:46]} Rb4 {[%emt 0:00:19]} 62. Rd2 {[%emt 0:00:12]} Rb3 {[%emt 0:00:56]} 63. Rd3 {[%emt 0:00:21]} Nc8 {[%emt 0:00:15]} 64. Be2 {[%emt 0:01:04]} Na7 {[%emt 0:02:07]} 65. Rg3 {[%emt 0:00:13]} Rb4 {[%emt 0:00:31]} 66. Rxg6 {[%emt 0:00:14]} Rxd4 {[%emt 0:00:03]} 67. Rg7 {[%emt 0:00:39]} Nc8 {[%emt 0:00:14]} 68. Kg3 {[%emt 0:00:46]} Rb4 {[%emt 0:00:05]} 69. Bf3 {[%emt 0:00:42]} d4 {[%emt 0:00:37]} 70. Ne2 {[%emt 0:00:27]} d3 {[%emt 0:00:18]} 71. Nc3 {[%emt 0:00:10]} Rb3 {[%emt 0:00:43]} 72. Nd1 {[%emt 0:00:19]} Rxb5 {[%emt 0:00:06]} 73. h4 {[%emt 0:00:15]} Ra5 {[%emt 0:01:43]} 74. h5 {[%emt 0:00:10]} Ra7 {[%emt 0:00:09]} 75. Rb7 {[%emt 0:01:10]} Ra8 {[%emt 0:02:31]} 76. Rd7+ {[%emt 0:00:33]} Kc5 {[%emt 0:00:31]} 77. Rxd3 {[%emt 0:00:38]} Ne7 {[%emt 0:00:52]} 78. Nf2 {[%emt 0:00:47]} b5 {[%emt 0:00:40]} 79. Re3 {[%emt 0:00:29]} Kd6 {[%emt 0:00:10]} 80. Kh4 {[%emt 0:00:32]} Bc4 {[%emt 0:00:51]} 81. h6 {[%emt 0:00:29]} Rg8 {[%emt 0:01:35]} 82. Nd3 {[%emt 0:00:11]} Ng6+ {[%emt 0:06:36]} 83. Kh5 {[%emt 0:00:02]} Bf7 {[%emt 0:00:05]} 84. Kg5 {[%emt 0:01:18]} Ne5+ {[%emt 0:00:41]} 85. Kh4 {[%emt 0:00:30]} Nxf3+ {[%emt 0:01:43]} 86. Rxf3 {[%emt 0:00:02]} Rg4+ {[%emt 0:00:07]} 87. Kh3 {[%emt 0:00:03]} Rg6 {[%emt 0:00:06]} 88. Ne5 {[%emt 0:00:55]} Rxh6+ {[%emt 0:00:07]} 89. Kg3 {[%emt 0:00:02]} Bd5 {[%emt 0:01:30]} 90. Rd3 {[%emt 0:00:28]} Rh7 {[%emt 0:00:11]} 91. Rd1 {[%emt 0:01:08]} b4 {[%emt 0:00:47]} 92. Nd3 {[%emt 0:00:28]} Bxc6 {[%emt 0:03:33]} 93. Nxb4+ {[%emt 0:00:22]} Kc7 {[%emt 0:01:49]} 94. Rc1 {[%emt 0:00:14]} Rh6 {[%emt 0:00:07]} 95. Rc5 {[%emt 0:01:16]} Kd7 {[%emt 0:00:48]} 96. Nxc6 {[%emt 0:00:28]} Rxc6 {[%emt 0:00:05]} 97. Rxf5 {[%emt 0:00:07]} Ke6 {[%emt 0:00:28]} 98. Re5+ {[%emt 0:00:45]} Kf6 {[%emt 0:00:05]} 99. Ra5 {[%emt 0:00:08]} Rc1 {[%emt 0:00:18]} 1/2-1/2

[Event "EIWCC 2017"]
[Site "Riga"]
[Date "2017.04.17"]
[Round "7"]
[White "Khomeriki, Nino"]
[Black "Bulmaga, Irina"]
[Result "0-1"]
[WhiteElo "2308"]
[BlackElo "2394"]
[Annotator "TA"]
[PlyCount "98"]
[EventDate "2017.??.??"]
[EventType "swiss"]
[EventCountry "LAT"]
[SourceTitle "playchess.com"]
[Source "ChessBase"]
[SourceQuality "1"]

{[%evp 17,98,8,37,-14,-16,-27,-14,-43,-45,-46,-14,-16,-8,-18,0,-9,2,-18,-18,-18,0,0,31,26,49,-61,-58,-217,-229,-221,-232,-226,-245,-235,-230,-231,-256,-830,-241,-251,-239,-239,-242,-216,-222,-214,-202,-304,-321,-306,-303,-412,-262,-264,-250,-419,-411,-414,-405,-530,-482,-725,-718,-1116,-1135,-1820,-1601,-29982,-29982,-29976,-29977,-29980,-29958,-5738,-5705,-29990,-29987,-29988,-29989,-29993,-29994,-29994,-29995]} 1. Nf3 Nf6 2. g3 b6 3. Bg2 Bb7 4. c4 e6 5. O-O Be7 6. Nc3 O-O 7. d4 Ne4 8. Qc2 Nxc3 9. Qxc3 Be4 10. c5 $146 {E19: Queen's Indian: Old Main Line with 7...Ne4 8 Qc2 Nxc3 8 Qxc3} ({White should try} 10. Bf4 $14) (10. Rd1 d6 11. Qe3 d5 12. Ne5 Bxg2 13. Kxg2 c6 14. cxd5 cxd5 15. Bd2 Qd6 16. Rac1 f6 17. Nf3 Nc6 18. Rc2 Rac8 19. Rdc1 Rc7 20. Bb4 {1-0 (20) Radjabov,T (2696)-Indjic,A (2573) Novi Sad 2016}) 10... Nc6 $11 11. Bd2 f5 12. e3 {The position is equal.} bxc5 13. dxc5 Bf6 14. Qa3 a5 15. Rfd1 Qe7 16. Bc3 e5 17. Ne1 {Hoping for f3.} Bxg2 18. Nxg2 Nd8 19. Qb3+ Nf7 20. Qb7 Rfc8 21. Rd5 ({Better is} 21. Qd5 $14) 21... Rab8 $15 22. Qa7 $2 ({Only move:} 22. Qa6 $15) 22... Qe6 $19 23. Rad1 Ng5 24. Ne1 {[#]} ({Not} 24. Qxa5 $2 Ra8 25. Qb4 (25. Qb5 $2 c6 26. Rxe5 Bxe5 $19) 25... Rcb8 $19) 24... Qc6 $1 25. Qxa5 {and if Qa3 works, White does fine.} Rb5 26. Qa4 {And now Qc2 would win.} Nh3+ 27. Kf1 $2 {[#]} (27. Kg2 Nxf2 28. Qxb5 Qxb5 29. Kxf2) 27... Nxf2 $2 (27... Rxb2 $1 {[%mdl 512]} 28. Bxb2 Qxa4) 28. Qxb5 Qxb5+ 29. Kxf2 c6 30. Rxd7 Qxc5 ({Don't take} 30... Ra8 31. R1d6 $17) 31. Nd3 Qb5 32. b3 (32. Kg2 $142) 32... Re8 33. Rd2 h5 34. Nb2 Qc5 35. Na4 Qf8 36. Kg2 $2 {[#]} (36. R2d6) 36... f4 $1 {[%mdl 512]} 37. e4 (37. exf4 exf4) 37... Bg5 38. R2d3 Qa3 39. gxf4 (39. Nb2 $142 Qxa2 40. h4) 39... Bxf4 40. Bb2 Qxa2 41. Rb7 Qb1 42. Rdd7 Qxe4+ 43. Kf1 Bh6 44. Ba3 Qh1+ 45. Ke2 e4 {[%cal Be5e4,Be4e3][%mdl 32]} 46. Nb2 Qf3+ {Black mates.} 47. Ke1 e3 48. Nd3 Qh1+ 49. Ke2 Qg2+ 0-1

[Event "EIWCC 2017"]
[Site "Riga"]
[Date "2017.04.17"]
[Round "7"]
[White "Gvetadze, Sofio"]
[Black "Stetsko, Lanita"]
[Result "1/2-1/2"]
[WhiteElo "2292"]
[BlackElo "2226"]
[Annotator "ChessBase"]
[PlyCount "211"]
[EventDate "2017.??.??"]
[EventType "swiss"]
[EventCountry "LAT"]
[SourceTitle "playchess.com"]
[Source "ChessBase"]
[SourceQuality "1"]
[TimeControl "40/5400+30:1800+30"]

1. Nf3 {[%emt 0:00:00]} Nf6 {[%emt 0:01:25]} 2. g3 {[%emt 0:00:00]} d5 {[%emt 0:04:31]} 3. Bg2 {[%emt 0:00:21]} c6 {[%emt 0:00:29]} 4. O-O {[%emt 0:00:33]} Bf5 {[%emt 0:01:15]} 5. d4 {[%emt 0:01:20]} e6 {[%emt 0:01:23]} 6. c4 {[%emt 0:00:14]} Be7 {[%emt 0:07:13]} 7. Nc3 {[%emt 0:00:35]} O-O {[%emt 0:01:31]} 8. Qb3 {[%emt 0:01:53]} Qb6 {[%emt 0:09:23]} 9. c5 {[%emt 0:00:55]} Qxb3 {[%emt 0:16:33]} 10. axb3 {[%emt 0:00:05]} Na6 {[%emt 0:04:11]} 11. Bf4 {[%emt 0:07:19]} Nd7 {[%emt 0:04:21]} 12. h3 {[%emt 0:02:53]} f6 {[%emt 0:00:28]} 13. g4 {[%emt 0:00:23]} Bc2 {[%emt 0:01:21]} 14. Rfc1 {[%emt 0:00:53]} Bg6 {[%emt 0:07:47]} 15. Bd2 {[%emt 0:02:41]} e5 {[%emt 0:01:42]} 16. e3 {[%emt 0:00:07]} f5 {[%emt 0:05:54]} 17. Ra4 {[%emt 0:02:49]} fxg4 {[%emt 0:02:12]} 18. hxg4 {[%emt 0:00:04]} e4 {[%emt 0:01:07]} 19. Nh2 {[%emt 0:01:03]} Nc7 {[%emt 0:07:08]} 20. Ne2 {[%emt 0:01:45]} h6 {[%emt 0:01:06]} 21. Nf4 {[%emt 0:01:33]} Bh7 {[%emt 0:00:07]} 22. Bf1 {[%emt 0:07:21]} g5 {[%emt 0:01:27]} 23. Nh5 {[%emt 0:00:24]} Ne6 {[%emt 0:01:29]} 24. Ng3 {[%emt 0:00:50]} Rf7 {[%emt 0:01:39]} 25. b4 {[%emt 0:00:59]} Nc7 {[%emt 0:02:58]} 26. Be2 {[%emt 0:10:01]} a6 {[%emt 0:00:17]} 27. Nhf1 {[%emt 0:00:21]} Nf8 {[%emt 0:01:23]} 28. Be1 {[%emt 0:00:44]} Nfe6 {[%emt 0:02:32]} 29. Nd2 {[%emt 0:03:45]} Raf8 {[%emt 0:00:05]} 30. Nb3 {[%emt 0:00:21]} Ne8 {[%emt 0:03:49]} 31. Na5 {[%emt 0:04:38]} Bd8 {[%emt 0:00:22]} 32. Nxc6 {[%emt 0:00:55]} bxc6 {[%emt 0:00:04]} 33. Rxa6 {[%emt 0:00:04]} Nf4 34. exf4 {[%emt 0:09:50]} gxf4 {[%emt 0:03:42]} 35. Rxc6 {[%emt 0:00:57]} fxg3 {[%emt 0:00:23]} 36. fxg3 {[%emt 0:00:02]} Bg5 {[%emt 0:00:26]} 37. Rd1 {[%emt 0:00:28]} Nf6 {[%emt 0:02:25]} 38. Rd6 {[%emt 0:04:05]} e3 {[%emt 0:01:47]} 39. c6 {[%emt 0:00:43]} Be4 {[%emt 0:00:59]} 40. Re6 {[%emt 0:00:00]} Nxg4 {[%emt 0:01:32]} 41. Rxe4 {[%emt 0:09:34]} Nf2 {[%emt 0:02:24]} 42. Re5 {[%emt 0:09:37]} Nxd1 {[%emt 0:01:55]} 43. Rxd5 {[%emt 0:00:02]} Nxb2 {[%emt 0:02:58]} 44. Ra5 {[%emt 0:10:46]} Bf6 {[%emt 0:09:11]} 45. Bc3 {[%emt 0:01:26]} Bd8 {[%emt 0:03:48]} 46. Ra2 {[%emt 0:01:37]} Nd1 {[%emt 0:00:23]} 47. Be1 {[%emt 0:01:08]} Bb6 {[%emt 0:02:23]} 48. Bc4 {[%emt 0:01:11]} Bxd4 {[%emt 0:00:22]} 49. Rc2 {[%emt 0:03:13]} Kg7 {[%emt 0:01:41]} 50. Bxf7 {[%emt 0:01:21]} Kxf7 {[%emt 0:00:04]} 51. Rc4 {[%emt 0:03:08]} Bb6 {[%emt 0:04:29]} 52. c7 {[%emt 0:00:49]} Rc8 {[%emt 0:00:38]} 53. Rc6 {[%emt 0:00:10]} Bxc7 {[%emt 0:02:20]} 54. b5 {[%emt 0:02:38]} e2 {[%emt 0:00:48]} 55. Kh1 {[%emt 0:04:42]} Ke7 {[%emt 0:02:56]} 56. Rc2 {[%emt 0:09:32]} Kd7 {[%emt 0:02:17]} 57. Rxe2 {[%emt 0:00:04]} Bd6 {[%emt 0:00:13]} 58. b6 {[%emt 0:01:26]} Rb8 {[%emt 0:00:40]} 59. Rh2 {[%emt 0:05:46]} Rh8 {[%emt 0:01:05]} 60. b7 {[%emt 0:01:22]} Ne3 {[%emt 0:00:12]} 61. Bc3 {[%emt 0:00:57]} Rf8 {[%emt 0:00:39]} 62. Rxh6 {[%emt 0:02:13]} Bxg3 {[%emt 0:00:06]} 63. Bf6 {[%emt 0:01:09]} Nf5 {[%emt 0:01:15]} 64. Rh8 {[%emt 0:01:09]} Rxf6 {[%emt 0:00:33]} 65. b8=Q {[%emt 0:00:05]} Bxb8 {[%emt 0:00:04]} 66. Rxb8 {[%emt 0:00:07]} Rg6 {[%emt 0:00:20]} 67. Kh2 {[%emt 0:00:24]} Ke6 {[%emt 0:00:06]} 68. Rb6+ {[%emt 0:00:43]} Nd6 {[%emt 0:00:02]} 69. Ra6 {[%emt 0:00:18]} Ke5 {[%emt 0:00:09]} 70. Ra5+ {[%emt 0:01:11]} Kf4 {[%emt 0:00:58]} 71. Ra6 {[%emt 0:00:08]} Re6 {[%emt 0:00:04]} 72. Kg2 {[%emt 0:00:33]} Re2+ {[%emt 0:00:03]} 73. Kf1 {[%emt 0:00:10]} Rd2 {[%emt 0:00:02]} 74. Ke1 {[%emt 0:00:13]} Rd5 {[%emt 0:01:38]} 75. Ra8 {[%emt 0:02:15]} Ne4 {[%emt 0:00:25]} 76. Rf8+ {[%emt 0:00:29]} Ke3 {[%emt 0:00:09]} 77. Re8 {[%emt 0:00:04]} Rd7 {[%emt 0:00:37]} 78. Kf1 {[%emt 0:00:18]} Rd1+ {[%emt 0:01:31]} 79. Kg2 {[%emt 0:00:02]} Re1 {[%emt 0:00:29]} 80. Re7 {[%emt 0:00:26]} Re2+ {[%emt 0:00:31]} 81. Kh3 {[%emt 0:00:15]} Rf2 {[%emt 0:00:30]} 82. Re8 {[%emt 0:00:31]} Rf6 {[%emt 0:00:41]} 83. Kg4 {[%emt 0:00:39]} Rg6+ {[%emt 0:00:14]} 84. Kf5 {[%emt 0:00:31]} Rg5+ {[%emt 0:00:06]} 85. Ke6 {[%emt 0:00:03]} Nc5+ {[%emt 0:00:27]} 86. Kf6+ {[%emt 0:00:12]} Kf4 {[%emt 0:00:06]} 87. Re1 {[%emt 0:01:02]} Rf5+ {[%emt 0:00:18]} 88. Kg6 {[%emt 0:00:14]} Rd5 {[%emt 0:01:09]} 89. Rf1+ {[%emt 0:00:12]} Ke4 {[%emt 0:00:02]} 90. Re1+ {[%emt 0:00:06]} Kd4 {[%emt 0:00:02]} 91. Rd1+ {[%emt 0:00:22]} Nd3 {[%emt 0:00:03]} 92. Kf6 {[%emt 0:00:27]} Ke4 {[%emt 0:00:04]} 93. Ra1 {[%emt 0:01:00]} Rd6+ {[%emt 0:00:25]} 94. Ke7 {[%emt 0:00:13]} Rb6 {[%emt 0:00:23]} 95. Ra4+ {[%emt 0:00:25]} Nb4 {[%emt 0:00:22]} 96. Ra1 {[%emt 0:00:20]} Nd3 {[%emt 0:00:28]} 97. Ra4+ {[%emt 0:01:00]} Kd5 {[%emt 0:00:06]} 98. Ra5+ {[%emt 0:01:13]} Nc5 {[%emt 0:00:05]} 99. Ra1 {[%emt 0:00:25]} Rb7+ {[%emt 0:01:18]} 100. Kf6 {[%emt 0:00:09]} Ne4+ {[%emt 0:00:24]} 101. Kg6 {[%emt 0:00:06]} Rb2 {[%emt 0:00:32]} 102. Ra5+ {[%emt 0:00:37]} Ke6 {[%emt 0:00:08]} 103. Ra6+ {[%emt 0:00:12]} Nd6 {[%emt 0:00:07]} 104. Kg5 {[%emt 0:00:08]} Rb4 {[%emt 0:00:16]} 105. Rc6 {[%emt 0:00:31]} Rd4 {[%emt 0:00:24]} 106. Ra6 {[%emt 0:00:12]} 1/2-1/2

[Event "EIWCC 2017"]
[Site "Riga"]
[Date "2017.04.17"]
[Round "7"]
[White "Doluhanova, Evgeniya"]
[Black "Erneste, Inguna"]
[Result "1-0"]
[WhiteElo "2287"]
[BlackElo "2168"]
[Annotator "TA"]
[PlyCount "105"]
[EventDate "2017.??.??"]
[EventType "swiss"]
[EventCountry "LAT"]
[SourceTitle "playchess.com"]
[Source "ChessBase"]
[SourceQuality "1"]

{[%evp 11,105,16,27,20,27,54,44,9,38,41,56,0,94,89,85,-12,0,-20,0,-27,0,-9,22,20,56,51,65,65,66,56,103,96,135,88,100,87,84,84,84,77,270,271,260,258,269,258,247,258,270,264,289,278,304,331,395,381,420,413,459,424,436,444,454,351,375,377,375,359,615,546,582,594,685,670,700,678,784,783,701,653,505,424,2137,1856,1969,559,1859,1543,29971,5417,5601,5089,29989,29990,29988,255]} 1. e4 e5 2. Nf3 Nc6 3. Bb5 a6 4. Ba4 Nf6 5. d3 b5 6. Bb3 d6 {LiveBook: 21 Games} 7. Ng5 {C77: Ruy Lopez: 3...a6 4 Ba4 Nf6, unusual lines} (7. a4 Bg4 8. Be3 Be7 9. h3 Bh5 10. Nc3 Na5 11. Ba2 b4 12. Ne2 Nd7 13. Ng3 Bg6 14. d4 O-O {1-0 (84) Shcherbakov,R (2516)-Dubov,D (2648) Sochi 2016}) 7... d5 8. exd5 Nd4 9. c4 {White is slightly better.} Bg4 {[%cal Bc8g4,Bg4h5,Bh5g6][%mdl 32]} 10. f3 Bh5 11. Nc3 (11. O-O $14) 11... Be7 $146 (11... Bc5 $11 {remains equal.}) (11... h6 12. Nh3 Bc5 13. Nf2 b4 14. Ba4+ Kf8 {1-0 (44) Van Zyl,A-Cormos,E Medellin 1996}) 12. O-O $1 $16 O-O 13. Qe1 (13. Nge4 $16) 13... Nd7 14. Nh3 Bg6 15. Nf2 Nc5 16. Qd1 $1 Kh8 17. Ne2 Ncxb3 18. axb3 Bc5 19. Nxd4 Bxd4 20. Qe2 $1 Qd6 21. Be3 Qc5 22. Bxd4 Qxd4 23. Kh1 Rfb8 {Threatening ...bxc4.} 24. Rfd1 a5 25. Ne4 {[%cal Bf2e4,Be4c3,Bc3b5][%mdl 32]} a4 $2 {[#]} (25... f6 $16) 26. Nc3 $1 $18 a3 27. Nxb5 Qxb2 28. Qxb2 axb2 {[#]} 29. Rab1 $1 (29. Rxa8 Rxa8 30. Nc3 Ra1 $19) 29... Ra2 30. Rd2 Rb7 31. Kg1 ({Don't play} 31. Rdxb2 $6 Ra6 32. Rd2 f6 $16) 31... Ra1 32. Rdxb2 Rxb1+ 33. Rxb1 Bxd3 {[%mdl 4096] Endgame KRB-KRN} 34. Ra1 {Threatening mate with Ra8+.} g6 35. Ra8+ Kg7 36. Rc8 Bc2 37. Rxc7 ({Weaker is} 37. Nxc7 Rxb3 38. Ne8+ Kh6 $18) 37... Rxc7 38. Nxc7 Bxb3 {KB-KN} 39. c5 Kf6 $2 (39... Kf8 40. d6 Ba4) 40. d6 Ba4 41. Kf2 Bc6 42. Ke3 h6 43. g3 Bb7 44. f4 {And now fxe5+ would win.} Bc6 45. Na6 exf4+ 46. Kxf4 g5+ (46... Ke6 $142 47. Ke3 Ba4) 47. Ke3 Ke6 48. Kd4 (48. Nb8 $142 Bb5 49. g4) 48... f6 49. Nb8 Bg2 50. d7 (50. g4 $142 Bh1 51. d7 Ke7 52. c6 Bxc6 53. Nxc6+ Kxd7 54. Kd5 Kc7 55. Ke6) 50... Ke7 51. c6 Kd8 52. Kc5 Kc7 53. Na6+ 1-0

[Event "EIWCC 2017"]
[Site "Riga"]
[Date "2017.04.17"]
[Round "7"]
[White "Travkina, Anastasia"]
[Black "Tsiganova, Monika"]
[Result "1/2-1/2"]
[WhiteElo "2287"]
[BlackElo "2111"]
[Annotator "TA"]
[PlyCount "81"]
[EventDate "2017.??.??"]
[EventType "swiss"]
[EventCountry "LAT"]
[SourceTitle "playchess.com"]
[Source "ChessBase"]
[SourceQuality "1"]

{[%evp 23,81,0,0,0,0,0,0,-10,58,29,82,75,74,86,79,77,97,56,96,81,97,43,48,49,45,20,34,-49,-48,-48,-53,-39,-58,-67,-41,-86,0,0,0,0,0,-8,0,-233,-27,-47,-6,-6,-6,-14,-9,-8,0,0,0,-17,0,0,0,-27]} 1. e4 c5 2. Nf3 d6 3. d4 cxd4 4. Nxd4 Nf6 5. Nc3 a6 6. Bg5 e6 7. f4 h6 8. Bh4 Nbd7 9. Qf3 Be7 10. O-O-O Qc7 11. g4 g5 12. fxg5 Ne5 13. Qg3 $1 {B99: Sicilian Najdorf: 6 Bg5 e6 7 f4 Be7 8 Qf3 Qc7 9 0-0-0 Nbd7} Nfxg4 14. gxh6 Bxh4 $1 15. Qxh4 Rxh6 (15... Qe7 $11 16. Qg3 Qg5+ 17. Kb1 Qe3) 16. Qg3 $14 (16. Qg5 Qd8 17. Qd2 Rh8 $11) 16... Bd7 (16... Qe7 $11) 17. Be2 $16 Rg6 ({Don't go for} 17... Nf6 $2 18. Qg7 Rg6 19. Qh8+ Ng8 20. Bh5 $18) 18. h4 {[%cal Bh2h4,Bh4h5][%mdl 32]} O-O-O 19. h5 Rgg8 20. Rh4 $146 {[%cal Re2g4]} (20. Qf4 d5 {1-0 (32) Nabaty,T (2493)-Taras,G (2285) Eforie Nord 2010}) 20... Nh6 21. Qf4 Rh8 22. Nf3 (22. Rhh1 $16) 22... f5 23. Nxe5 dxe5 24. Qf2 Bc6 25. Bc4 ({White should play} 25. Rhh1 $14) 25... Rxd1+ $15 26. Nxd1 Bxe4 27. Bxe6+ Kb8 28. Nc3 {[%cal Bd1c3,Bc3e4,Be4c5][%mdl 32]} Qe7 29. Nxe4 Qxe6 (29... fxe4 $17 30. Bc4 Qg5+ 31. Kb1 e3) 30. Nc5 $11 Qd5 31. Rb4 Qh1+ 32. Kd2 Rd8+ 33. Nd3 $2 {[#]} (33. Kc3 $11 {and White stays safe.} Qh3+ 34. Nd3) 33... Qxh5 $2 (33... Qd5 $1 $19 {And now ...e4 would win.} 34. Kc1 e4) 34. Qb6 $1 {[%csl Gb4][%cal Rb6b7]} Qh2+ 35. Kc3 $132 {[%csl Gb4][%cal Rb6b7][%mdl 2048] The position is equal. White is fighting back (2)} Rc8+ 36. Nc5 {[%csl Gb4,Gc5][%cal Rb6b7]} Qg3+ 37. Kc4 {[%csl Gb4,Gc5][%cal Rb6b7] [#]} Qg8+ 38. Kc3 {[%csl Gb4,Gc5][%cal Rb6b7]} Qg3+ 39. Kc4 {[%csl Gb4,Gc5][%cal Rb6b7]} Qg8+ 40. Kc3 {[%csl Gb4,Gc5][%cal Rb6b7]} Qg3+ 41. Kc4 1/2-1/2

[Event "EIWCC 2017"]
[Site "Riga"]
[Date "2017.04.17"]
[Round "7"]
[White "Ambartsumova, Karina"]
[Black "Ziaziulkina, Nastassia"]
[Result "1/2-1/2"]
[WhiteElo "2282"]
[BlackElo "2387"]
[Annotator "TA"]
[PlyCount "34"]
[EventDate "2017.??.??"]
[EventType "swiss"]
[EventCountry "LAT"]
[SourceTitle "playchess.com"]
[Source "ChessBase"]
[SourceQuality "1"]

1. e4 $146 (1. b3 e5 2. Bb2 Nc6 3. e3 d5 4. Bb5 Bd6 5. f4 Qe7 6. Nf3 Bg4 7. h3 Bxf3 8. Qxf3 Nf6 9. O-O O-O-O 10. Bxc6 bxc6 11. fxe5 Bxe5 12. Qf5+ Nd7 13. Bxe5 Qxe5 14. Qxe5 Nxe5 15. d4 Ng6 16. Rxf7 Rde8 {1-0 (45) Minasian,A (2598)-Kalantarian,N (2474) Ubeda 2000}) 1... e5 2. Nf3 Nf6 3. Nc3 Nc6 4. d4 exd4 5. Nxd4 Bb4 6. Nxc6 bxc6 7. Bd3 d5 8. exd5 cxd5 9. O-O O-O 10. h3 {C47: Scotch Four Knights and Four Knights with 4 g3} c6 11. Qf3 Re8 12. Bf4 Bd6 13. Rfe1 Be6 $146 14. Ne2 Qb8 15. b3 Bd7 16. Bxd6 Qxd6 17. Qf4 Re5 {½-½ (43) Kravtsiv,M (2634)-Piorun,K (2676) Lublin 2016} 1/2-1/2

[Event "EIWCC 2017"]
[Site "Riga"]
[Date "2017.04.17"]
[Round "7"]
[White "Unuk, Laura"]
[Black "Lickrastina, Agnese"]
[Result "1-0"]
[WhiteElo "2275"]
[BlackElo "2223"]
[Annotator "TA"]
[PlyCount "65"]
[EventDate "2017.??.??"]
[EventType "swiss"]
[EventCountry "LAT"]
[SourceTitle "playchess.com"]
[Source "ChessBase"]
[SourceQuality "1"]

{[%evp 8,65,22,17,31,10,54,28,60,60,57,60,65,55,58,55,66,60,63,60,97,95,96,64,124,83,94,85,147,129,155,163,233,223,289,278,341,323,423,400,399,294,416,378,600,622,610,610,581,541,813,700,995,984,968,921,29992,29992,29998,29999]} 1. d4 d5 2. c4 e6 3. Nf3 Nf6 4. g3 a6 5. Bg2 {LiveBook: 78 Games. E01: Catalan: Early deviations} Nbd7 (5... dxc4 6. O-O Nc6 7. Nbd2 b5 8. Ne5 Nxe5 9. Bxa8 Qxd4 10. a4 Qa7 11. Bg2 Bb7 12. axb5 Bxg2 13. Qa4 Qa8 14. Qxa6 Qxa6 15. bxa6 {0-1 (46) Hou,Y (2683)-Negi,P (2664) Saint Louis 2015}) 6. Qc2 Bb4+ $146 (6... dxc4 7. Qxc4 b5 8. Qc6 Rb8 9. Bf4 Nd5 10. Bg5 Be7 11. Bxe7 Qxe7 12. Nc3 Bb7 13. Nxd5 Bxc6 14. Nxe7 Kxe7 15. O-O Rbc8 16. Rfc1 Bd5 17. b4 f6 18. a4 c6 19. Nd2 e5 20. dxe5 fxe5 21. axb5 Bxg2 22. Kxg2 cxb5 {1-0 (61) Heemskerk,W (2169)-Dijkstra,A (2029) Groningen 2014}) 7. Bd2 {White is slightly better.} (7. Nbd2 $5 {is interesting.} O-O 8. a3 Bd6 9. c5 Be7 10. b4) 7... Bxd2+ 8. Nbxd2 O-O 9. O-O Rb8 10. Rac1 c6 11. Rfd1 Qe7 12. e4 $36 {[%mdl 2048] White is pushing.} dxe4 13. Nxe4 Nxe4 14. Qxe4 Re8 15. Re1 Qd6 ({Better is} 15... c5 $14) 16. Rcd1 Nf6 17. Qh4 Bd7 {[#]} (17... b5 $142) 18. g4 $1 $16 {[%cal Bg3g4,Bg4g5][%mdl 32] aiming for g5.} h6 19. g5 Nh7 (19... hxg5 {was called for.} 20. Nxg5 g6 21. Qh8+ Kxh8 22. Nxf7+ Kg7 23. Nxd6 Rh8) 20. gxh6 $18 g6 21. Ne5 Qe7 22. Qg3 Red8 23. h4 Be8 24. Re4 Qf8 (24... Rd6 $142 25. Re3 Rbd8) 25. h5 Qxh6 (25... g5 $142 26. Rh4 f5) 26. hxg6 fxg6 27. Rh4 Qg7 28. Be4 Nf8 29. Rg4 Rbc8 30. Bxg6 Nxg6 31. Nxg6 {[#] Threatening mate with Ne7+.} Kh7 32. Qh4+ Qh6 33. Nf8+ 1-0